| 000 | 00465nam a2200169 a 4500 | ||
|---|---|---|---|
| 001 | 18833 | ||
| 005 | 20180713212208.0 | ||
| 008 | 140415s1941 mx 000 0 spa d | ||
| 041 | _aspa | ||
| 082 |
_a631.4 _bGON |
||
| 100 | 1 | _aGONZALEZ GALLARDO, ALFONSO | |
| 245 | 1 | 0 | _aINTRODUCCION AL ESTUDIO DE LOS SUELOS |
| 260 |
_aMEXICO : _bBANCO NACIONAL DE CREDITO AGRICOLA, S.A., _c1941 |
||
| 300 | _a484 | ||
| 500 | _a4 MAPAS | ||
| 650 | 1 | 4 | _aEDAFOLOGIA |
| 999 |
_c18833 _d18833 |
||